[Event "Sparkassen-Open B"]
[Site "Heusenstamm, Martinsee"]
[Date "2018.11.24"]
[Round "5.30"]
[White "Häfner, Günther"]
[Black "Traut, Stefan"]
[Result "0-1"]
[WhiteElo "1261"]
[BlackElo "1601"]
[PlyCount "79"]
[EventDate "2018.??.??"]
[WhiteTeam "Berkershm"]
[BlackTeam "SF Heusenstamm"]

1. e4 d5 2. exd5 Qxd5 3. Nc3 Qa5 4. d4 c6 5. Nf3 Bf5 6. Bf4 e6 7. Qd2 Nf6 8.
Nh4 Bg6 9. Nxg6 hxg6 10. Be2 Nbd7 11. Ne4 Qxd2+ 12. Nxd2 Be7 13. Bf3 Nd5 14.
Bxd5 cxd5 15. Nf3 Rc8 16. Rc1 O-O 17. O-O Rc6 18. g3 Rfc8 19. c3 Bd6 20. Bxd6
Rxd6 21. Rfe1 Rdc6 22. h4 b5 23. a3 a5 24. Re2 b4 25. Re3 bxa3 26. bxa3 Rb8 27.
Nd2 Rb2 28. Rd3 Nb6 29. Rb1 Rxb1+ 30. Nxb1 Nc4 31. Rd1 Rb6 32. Kg2 Rb2 33. Kf3
Rxb1 34. Rxb1 Nd2+ 35. Ke2 Nxb1 36. Kd3 Nxa3 37. Kd2 Nc4+ 38. Kc2 a4 39. Kb1
Kf8 40. Ka2 0-1

[Event "Sparkassen-Open B"]
[Site "Heusenstamm, Martinsee"]
[Date "2018.11.24"]
[Round "5.31"]
[White "Schwegler, Jelena"]
[Black "Wiese, Frank"]
[Result "1-0"]
[WhiteElo "1496"]
[BlackElo "1345"]
[PlyCount "97"]
[EventDate "2018.??.??"]
[WhiteTeam "SK Bad Homburg"]
[BlackTeam "SF Frankfurt"]

1. e4 e5 2. Nf3 Nc6 3. d4 exd4 4. Nxd4 Nf6 5. Nxc6 bxc6 6. e5 Qe7 7. Qe2 Nd5 8.
c4 Ba6 9. b3 g6 10. g3 Bg7 11. Bb2 d6 12. f4 Nb6 13. Bg2 Bb7 14. O-O dxe5 15.
fxe5 Qc5+ 16. Kh1 O-O 17. Nd2 Rfe8 18. Qf3 Qe7 19. Ne4 Nd7 20. Nf6+ Bxf6 21.
exf6 Qc5 22. Qf4 Ne5 23. Rad1 Re6 24. Bd4 Qd6 25. c5 Nd3 26. Rxd3 Qxf4 27. Rxf4
Re1+ 28. Rf1 Rae8 29. Rd1 Rxf1+ 30. Rxf1 Re2 31. a3 h5 32. h4 Kf8 33. Rd1 Ke8
34. Bc3 Re6 35. Re1 Rxe1+ 36. Bxe1 Kd7 37. Bh3+ Ke8 38. Ba5 Kd8 39. Kg2 Ba6 40.
Kf3 Bd3 41. Bc3 Bc2 42. b4 Bb3 43. Ke3 Bc4 44. Be5 Bb3 45. Kd4 Bd5 46. Bf1 Kd7
47. Bc4 Ke6 48. Bxd5+ cxd5 49. c6 1-0

[Event "Sparkassen-Open B"]
[Site "Heusenstamm, Martinsee"]
[Date "2018.11.24"]
[Round "5.32"]
[White "Pomrehn, Ole Magnus"]
[Black "von Beckh, Frieda"]
[Result "1-0"]
[WhiteElo "1533"]
[BlackElo "1262"]
[PlyCount "119"]
[EventDate "2018.??.??"]
[WhiteTeam "SC Nidderau"]
[BlackTeam "SC Eschborn"]

1. b3 e5 2. Bb2 Nc6 3. d3 Bc5 4. e3 d6 5. g3 Nf6 6. Bg2 Bd7 7. h3 Qe7 8. Ne2 d5
9. Nd2 Be6 10. a3 O-O-O 11. Nf3 e4 12. Nfd4 Nxd4 13. Nxd4 exd3 14. Qxd3 Rhe8
15. Nxe6 Qxe6 16. O-O-O Qd6 17. b4 Bb6 18. Qf5+ Kb8 19. Bxf6 Qxf6 20. Qxf6 gxf6
21. Rxd5 Rxd5 22. Bxd5 Re7 23. Rd1 c6 24. Bc4 f5 25. Bd3 Re5 26. c4 a6 27. Bc2
c5 28. Rd7 cxb4 29. axb4 h5 30. Rxf7 Bxe3+ 31. fxe3 Rxe3 32. Rxf5 Rxg3 33. Rxh5
Rc3 34. c5 Rc4 35. Rg5 Rxb4 36. Rg4 Rb5 37. Rc4 Kc7 38. h4 Kd7 39. Ba4 Ke6 40.
Bxb5 axb5 41. Rb4 Kd5 42. Rxb5 Kc6 43. Rxb7 Kxb7 44. h5 Kc6 45. h6 Kxc5 46. h7
Kd6 47. h8=Q Ke7 48. Qg8 Kf6 49. Qh7 Ke6 50. Qg7 Kf5 51. Kd2 Ke6 52. Qg5 Kd6
53. Kd3 Kc6 54. Kc4 Kd7 55. Qg6 Ke7 56. Kd5 Kf8 57. Qh7 Ke8 58. Kd6 Kf8 59. Ke6
Ke8 60. Qg8# 1-0

[Event "Sparkassen-Open B"]
[Site "Heusenstamm, Martinsee"]
[Date "2018.11.24"]
[Round "5.33"]
[White "Gnandt, Michael"]
[Black "Stepanov, Maximilian"]
[Result "1-0"]
[WhiteElo "1316"]
[BlackElo "1416"]
[PlyCount "61"]
[EventDate "2018.??.??"]
[WhiteTeam "SV Steinhausen"]
[BlackTeam "SK Gräfelfing"]

1. e4 d6 2. Bc4 g6 3. Nf3 e6 4. c3 Bg7 5. d4 Ne7 6. Bg5 Nd7 7. O-O O-O 8. Re1
b6 9. d5 e5 10. Nbd2 a6 11. a4 h6 12. Bh4 g5 13. Bg3 f5 14. exf5 Nxf5 15. Ba2
Nxg3 16. fxg3 Nf6 17. Bb1 Nxd5 18. Qc2 Nf6 19. h3 Bb7 20. Nh2 Qe7 21. Ng4 Rae8
22. Nxf6+ Bxf6 23. Rf1 d5 24. Qg6+ Kh8 25. Qxh6+ Kg8 26. Qg6+ Kh8 27. Qh6+ Kg8
28. Ne4 dxe4 29. Ba2+ Rf7 30. Rxf6 Qc5+ 31. Kh2 1-0

[Event "Sparkassen-Open B"]
[Site "Heusenstamm, Martinsee"]
[Date "2018.11.24"]
[Round "5.34"]
[White "Solovej, Philip"]
[Black "Tiggemann, Felix"]
[Result "1/2-1/2"]
[WhiteElo "1131"]
[BlackElo "1514"]
[PlyCount "130"]
[EventDate "2018.??.??"]
[WhiteTeam "SK Gründau"]
[BlackTeam "SF Schöneck"]

1. e4 e6 2. Nf3 d5 3. exd5 exd5 4. d4 Bd6 5. Bd3 Ne7 6. Nc3 c6 7. Be3 Bf5 8.
Bxf5 Nxf5 9. Qd3 Nxe3 10. fxe3 Nd7 11. O-O Qc7 12. g3 f6 13. Rfe1 O-O-O 14. a3
g5 15. b4 Bxg3 16. Re2 Bd6 17. b5 g4 18. Nh4 g3 19. hxg3 Bxg3 20. Nf5 Nb6 21.
bxc6 bxc6 22. Qa6+ Kd7 23. Rg2 Rhg8 24. e4 Ke6 25. Rf1 Bh2+ 26. Kh1 Rxg2 27.
Kxg2 Rg8+ 28. Kh1 Rg5 29. Qd3 Bd6 30. exd5+ cxd5 31. Nb5 Rh5+ 32. Kg2 Rg5+ 33.
Kh3 Rh5+ 34. Nh4 Qf7 35. Re1+ Kd7 36. Nxa7 Nc4 37. Qb3 Nxa3 38. Qb7+ Bc7 39.
Qc8+ Kd6 40. Qa6+ Kd7 41. Qxa3 f5 42. Qa4+ Kd8 43. Nc6+ Kc8 44. Qa8+ Kd7 45.
Re7+ Qxe7 46. Nxe7 Kxe7 47. Qxd5 Ke8 48. Qb5+ Kd8 49. Qe2 Rh6 50. c4 Bd6 51. c5
Be7 52. Qf2 Rxh4+ 53. Qxh4 Bxh4 54. Kxh4 h6 55. Kg3 h5 56. d5 Kd7 57. d6 Kc6
58. Kf4 h4 59. Kf3 Kd7 60. Kg2 f4 61. Kg1 Kc6 62. Kg2 Kd7 63. Kg1 Kc6 64. Kg2
Kd7 65. Kg1 Kc6 1/2-1/2

[Event "Sparkassen-Open B"]
[Site "Heusenstamm, Martinsee"]
[Date "2018.11.24"]
[Round "5.35"]
[White "Bayer, Melissa"]
[Black "Jelinek, Stefan"]
[Result "1-0"]
[WhiteElo "1497"]
[BlackElo "1318"]
[PlyCount "57"]
[EventDate "2018.??.??"]
[WhiteTeam "SC Heusenstamm"]
[BlackTeam "SC Kahl"]

1. e4 e5 2. Nf3 Nc6 3. Nc3 Nf6 4. a3 d6 5. Bb5 Bd7 6. d3 Nd4 7. Bxd7+ Qxd7 8.
Be3 c5 9. O-O a5 10. h3 h6 11. Bxd4 cxd4 12. Ne2 Be7 13. c3 dxc3 14. Nxc3 O-O
15. d4 Qc6 16. Re1 Nd7 17. Rc1 Nb6 18. Nd5 Qxc1 19. Nxe7+ Kh8 20. Qxc1 Rfe8 21.
Nf5 Rac8 22. Qd1 Re6 23. Qb3 Nc4 24. Qxb7 Rg8 25. Qxf7 Ree8 26. Qxc4 Rc8 27.
Qe6 Rc2 28. Nxh6 gxh6 29. Qxh6# 1-0

[Event "Sparkassen-Open B"]
[Site "Heusenstamm, Martinsee"]
[Date "2018.11.24"]
[Round "5.36"]
[White "Bayer, Oliver"]
[Black "Burkart, Lloyd Shang"]
[Result "0-1"]
[WhiteElo "1497"]
[BlackElo "1157"]
[PlyCount "104"]
[EventDate "2018.??.??"]
[WhiteTeam "SC Heusenstamm"]
[BlackTeam "TuS Makkabi"]

1. e4 c5 2. Nf3 e6 3. d4 cxd4 4. Nxd4 a6 5. Nc3 Qc7 6. Be3 b5 7. Bd3 Bb7 8. Qd2
Nf6 9. a3 Be7 10. O-O O-O 11. Rad1 Nc6 12. Nf3 Rac8 13. Rc1 Rfd8 14. Rfd1 b4
15. axb4 Bxb4 16. Qe1 d5 17. exd5 Nxd5 18. Bd2 Nxc3 19. Bxc3 Bxc3 20. Qxc3 Rd7
21. Ra1 a5 22. Bb5 Rxd1+ 23. Rxd1 Rd8 24. Rxd8+ Qxd8 25. Qd3 Qxd3 26. Bxd3 Nb4
27. Ne1 Nxd3 28. Nxd3 Be4 29. Ne1 Kf8 30. f3 Bd5 31. Kf2 Ke7 32. Ke3 e5 33. b3
Kd6 34. Nd3 f5 35. g3 g5 36. f4 exf4+ 37. gxf4 g4 38. Kd4 h5 39. c4 Be4 40. Nf2
Bc6 41. Ke3 h4 42. Nd3 g3 43. hxg3 h3 44. Kd4 h2 45. c5+ Kc7 46. Nf2 h1=Q 47.
Nxh1 Bxh1 48. Ke5 Be4 49. g4 Bc2 50. Kd4 fxg4 51. Ke3 Bxb3 52. f5 a4 0-1

[Event "Sparkassen-Open B"]
[Site "Heusenstamm, Martinsee"]
[Date "2018.11.24"]
[Round "5.37"]
[White "Schulze, Tim"]
[Black "Eckhoff, Mathias"]
[Result "1-0"]
[WhiteElo "1228"]
[BlackElo "1463"]
[PlyCount "49"]
[EventDate "2018.??.??"]
[WhiteTeam "SC Lüneburg"]
[BlackTeam "SK Hungen"]

1. d4 d5 2. c4 e6 3. Nc3 Nf6 4. Nf3 Nbd7 5. Bf4 Bd6 6. Bg3 Bxg3 7. hxg3 h6 8.
e3 c6 9. Qc2 O-O 10. O-O-O Re8 11. Ne5 Nxe5 12. dxe5 Ng4 13. Rd4 Nxe5 14. Rdh4
Qf6 15. g4 Kf8 16. f4 Ng6 17. g5 hxg5 18. Rg4 gxf4 19. Bd3 Ne5 20. Rxf4 Nxd3+
21. Qxd3 Qg5 22. Ne4 Qxg2 23. Rfh4 Ke7 24. Qa3+ Kd7 25. Qd6# 1-0

[Event "Sparkassen-Open B"]
[Site "Heusenstamm, Martinsee"]
[Date "2018.11.24"]
[Round "5.38"]
[White "Janßen, Norbert"]
[Black "Giebitz, Walter"]
[Result "1/2-1/2"]
[WhiteElo "1647"]
[BlackElo "1464"]
[PlyCount "106"]
[EventDate "2018.??.??"]
[WhiteTeam "SC Breuberg"]
[BlackTeam "SC Steinbach"]

1. d4 d5 2. Nf3 Nc6 3. Bf4 Bf5 4. e3 a6 5. Bd3 Bg6 6. Ne5 Nxe5 7. Bxe5 e6 8.
Qe2 Bxd3 9. Qxd3 Nf6 10. Nd2 Bd6 11. Bg3 Rc8 12. e4 dxe4 13. Nxe4 Nxe4 14. Qxe4
Bxg3 15. hxg3 Qd5 16. Qxd5 exd5 17. Kd2 O-O 18. Rae1 Rce8 19. Kd3 Re6 20. Rxe6
fxe6 21. f4 Rf5 22. Re1 Kf7 23. c3 Kf6 24. Ke3 Rh5 25. Kf3 Rh6 26. a4 g5 27. b3
gxf4 28. gxf4 Rg6 29. b4 h5 30. b5 h4 31. Re3 axb5 32. axb5 Rg3+ 33. Kf2 Rxe3
34. Kxe3 Kf5 35. Kf3 b6 36. g3 hxg3 37. Kxg3 Ke4 38. Kg4 Kd3 39. Kg5 Kxc3 40.
Kf6 Kxd4 41. Kxe6 Kc4 42. f5 d4 43. f6 d3 44. f7 d2 45. f8=Q d1=Q 46. Qf4+ Qd4
47. Qxc7+ Kxb5 48. Qh2 Qc4+ 49. Kf5 Qd5+ 50. Kg6 Kc5 51. Qf2+ Qd4 52. Qc2+ Kd5
53. Qb3+ Ke4 1/2-1/2

[Event "Sparkassen-Open B"]
[Site "Heusenstamm, Martinsee"]
[Date "2018.11.24"]
[Round "5.39"]
[White "Moseler, Thomas"]
[Black "Weyerer, Noah"]
[Result "1-0"]
[WhiteElo "1636"]
[BlackElo "1318"]
[PlyCount "137"]
[EventDate "2018.??.??"]
[WhiteTeam "HSK Lister Turm"]
[BlackTeam "SV Oberursel"]

1. e4 d6 2. d4 Nf6 3. Nc3 e5 4. dxe5 dxe5 5. Qxd8+ Kxd8 6. Bg5 Be6 7. O-O-O+
Kc8 8. a3 c6 9. Bd3 Bc5 10. f3 h6 11. Bh4 Nbd7 12. Nge2 g5 13. Be1 Kc7 14. Bd2
Nb6 15. h4 Rhf8 16. hxg5 hxg5 17. g4 Nfd7 18. Ng3 f6 19. Nf5 Bxf5 20. exf5 Rh8
21. Ne4 Be7 22. Ba5 Nc5 23. Nxc5 Bxc5 24. Bc4 Be3+ 25. Kb1 Rxh1 26. Rxh1 Kd6
27. Bxb6 Bxb6 28. Rh7 Bc7 29. Rf7 Bd8 30. Rxb7 Bc7 31. Bd3 a5 32. Be4 Rb8 33.
Ra7 Kd7 34. c4 Kd6 35. c5+ Kd7 36. Ra6 Kd8 37. Rxc6 Rb5 38. Rxf6 Rxc5 39. Rc6
Rxc6 40. Bxc6 Ke7 41. Kc2 Kd6 42. Be8 Bd8 43. Kd3 Kd5 44. Bf7+ Kc6 45. Kc4 Kd6
46. b4 axb4 47. axb4 Kc6 48. b5+ Kd6 49. Be8 Bb6 50. f6 Ke6 51. f7 Ke7 52. Kd5
Bc7 53. Kc6 Bd6 54. b6 Bb8 55. Kb7 Bd6 56. Kc8 Bc5 57. b7 Ba7 58. b8=Q Bxb8 59.
Kxb8 Kf8 60. Kc7 Ke7 61. Kc6 Kf8 62. Kd7 e4 63. fxe4 Kg7 64. Ke7 Kg6 65. f8=Q+
Kh7 66. Qf5+ Kh8 67. Bg6 Kg7 68. Qf7+ Kh6 69. Qh7# 1-0

[Event "Sparkassen-Open B"]
[Site "Heusenstamm, Martinsee"]
[Date "2018.11.24"]
[Round "5.40"]
[White "Martin, Lukas"]
[Black "Plötz, Hans-Jürgen"]
[Result "1-0"]
[WhiteElo "1439"]
[BlackElo "1622"]
[PlyCount "65"]
[EventDate "2018.??.??"]
[WhiteTeam "SC Bad Soden"]
[BlackTeam "SC Bad Nauheim"]

1. d4 d6 2. c4 Nf6 3. Nf3 Nbd7 4. Nc3 e5 5. Bg5 Be7 6. e3 O-O 7. Be2 h6 8. Bh4
c6 9. O-O Qb6 10. dxe5 dxe5 11. Qc2 Qc7 12. Bg3 Nh5 13. Bh4 Bxh4 14. Nxh4 Nhf6
15. b4 b6 16. Nf3 Bb7 17. a3 a6 18. h3 a5 19. Rfd1 axb4 20. axb4 Rxa1 21. Rxa1
Ra8 22. Rxa8+ Bxa8 23. Ne4 Nxe4 24. Qxe4 f6 25. c5 bxc5 26. bxc5 Qa5 27. Bc4+
Kh8 28. Bd3 Nf8 29. Nh4 Kg8 30. Ng6 Nxg6 31. Qxg6 Qe1+ 32. Kh2 Qxf2 33. Qe8#
1-0

[Event "Sparkassen-Open B"]
[Site "Heusenstamm, Martinsee"]
[Date "2018.11.24"]
[Round "5.41"]
[White "Sallwey, Rainer"]
[Black "Uphoff, Jürgen"]
[Result "0-1"]
[WhiteElo "1412"]
[BlackElo "1581"]
[PlyCount "53"]
[EventDate "2018.??.??"]
[WhiteTeam "SK Langen"]
[BlackTeam "vereinslos"]

1. d4 d5 2. Bf4 c6 3. e3 Bf5 4. Bd3 Bg6 5. Nf3 e6 6. O-O Be7 7. Ne5 Bxd3 8.
Nxd3 Nf6 9. c3 Nbd7 10. Nd2 Nf8 11. Bg3 Ng6 12. Re1 h5 13. h3 h4 14. Bh2 Bd6
15. Nf3 Ne4 16. Nfe5 Nxe5 17. dxe5 Be7 18. Qg4 g5 19. Rad1 Qb6 20. Qe2 O-O-O
21. Rc1 Rh7 22. a3 Rg7 23. Qg4 Rdg8 24. b4 Qa6 25. Red1 Qxa3 26. f3 Nxc3 27.
Ra1 0-1

[Event "Sparkassen-Open B"]
[Site "Heusenstamm, Martinsee"]
[Date "2018.11.24"]
[Round "5.42"]
[White "Kirchner, Stefan"]
[Black "Pessotschinski, Eduard"]
[Result "1-0"]
[WhiteElo "1580"]
[BlackElo "1428"]
[PlyCount "101"]
[EventDate "2018.??.??"]
[WhiteTeam "SF Schöneck"]
[BlackTeam "TuS Makkabi"]

1. e4 c5 2. Nf3 d6 3. d4 cxd4 4. Nxd4 Nf6 5. f3 g6 6. c4 Bg7 7. Nc3 Nc6 8. Be3
O-O 9. Be2 Bd7 10. Qd2 Rc8 11. O-O Ne5 12. b3 a5 13. Rfd1 Qe8 14. h3 a4 15. f4
Nc6 16. Rac1 Kh8 17. Bd3 Nb4 18. Bb1 Ra8 19. Ncb5 Na6 20. Bd3 Qc8 21. Nc3 Nc5
22. Bc2 Rd8 23. Qf2 e5 24. Nf3 Qc6 25. Ng5 Kg8 26. Nd5 Nxd5 27. exd5 Qc8 28.
fxe5 Rf8 29. exd6 axb3 30. axb3 b6 31. Nf3 Ra2 32. Qh4 Re8 33. Bd4 Qd8 34. Qxd8
Rxd8 35. Bxg7 Kxg7 36. b4 Nb7 37. c5 bxc5 38. Bb1 Ra6 39. bxc5 Ba4 40. Rd4 Ra5
41. Rdc4 Rc8 42. Nd2 Rcxc5 43. Rxc5 Nxc5 44. g4 Kf6 45. Nf3 Bb3 46. g5+ Kg7 47.
Kf2 Bxd5 48. Rxc5 Rxc5 49. d7 Bxf3 50. d8=Q Bd5 51. Be4 1-0

[Event "Sparkassen-Open B"]
[Site "Heusenstamm, Martinsee"]
[Date "2018.11.24"]
[Round "5.43"]
[White "Scheerer, Julian"]
[Black "Denz, Markus"]
[Result "1/2-1/2"]
[WhiteElo "1364"]
[BlackElo "1580"]
[PlyCount "33"]
[EventDate "2018.??.??"]
[WhiteTeam "SV 1934 Ffm-Griesheim"]
[BlackTeam "SC Hattersheim"]

1. e4 e5 2. Nf3 Nc6 3. Bc4 Nf6 4. d4 exd4 5. O-O Be7 6. Re1 d6 7. Nxd4 O-O 8.
Nc3 Ne5 9. Bb3 Bd7 10. Bf4 Qe8 11. Qd2 a5 12. a4 Ng6 13. Bg5 Ng4 14. Bxe7 Qxe7
15. Nf5 Qe5 16. Ng3 Bc6 17. Nd5 1/2-1/2

[Event "Sparkassen-Open B"]
[Site "Heusenstamm, Martinsee"]
[Date "2018.11.24"]
[Round "5.44"]
[White "Urbach, Jens"]
[Black "Englert, Lin"]
[Result "0-1"]
[WhiteElo "1546"]
[BlackElo "1294"]
[PlyCount "166"]
[EventDate "2018.??.??"]
[WhiteTeam "SF Frankfurt"]
[BlackTeam "TV-Großostheim"]

1. e4 c5 2. Nf3 Nc6 3. d4 cxd4 4. Nxd4 g6 5. Be2 Bg7 6. Be3 Nf6 7. Bf3 O-O 8.
O-O e6 9. Nc3 d5 10. Nxc6 bxc6 11. exd5 cxd5 12. Ne2 Ba6 13. Re1 e5 14. Nc1 e4
15. Be2 Bxe2 16. Qxe2 Nd7 17. Rb1 Ne5 18. b3 Qh4 19. h3 Rfc8 20. Rd1 Rd8 21.
Qd2 Qe7 22. Ne2 Nc6 23. c3 Qe5 24. Bf4 Qe7 25. Bg5 Bf6 26. Bxf6 Qxf6 27. Qf4
Qxf4 28. Nxf4 d4 29. cxd4 Nxd4 30. Kf1 Rac8 31. Rd2 Nb5 32. Rxd8+ Rxd8 33. Ke1
Rd6 34. Rc1 Ra6 35. a4 Nd4 36. Rc3 Rb6 37. Nd5 Rxb3 38. Rxb3 Nxb3 39. Nf6+ Kg7
40. Nxe4 f5 41. Nc3 Kf6 42. Kd1 Ke5 43. Kc2 Nc5 44. Kd2 a6 45. g3 Kd4 46. Kc2
Kc4 47. a5 Nb7 48. Ne2 Nxa5 49. Nf4 Nb3 50. Kb2 Nc5 51. Kc2 a5 52. Ng2 Kd4 53.
f3 a4 54. h4 a3 55. Kb1 Kd3 56. Ka2 Ke2 57. g4 Kxf3 58. gxf5 gxf5 59. Ne1+ Kg3
60. h5 Kg4 61. h6 Kg5 62. Kxa3 Kxh6 63. Kb4 Ne4 64. Kc4 Kg5 65. Kd4 h5 66. Ke3
Kg4 67. Nf3 h4 68. Nxh4 Kxh4 69. Kf4 Nd6 70. Kf3 Kg5 71. Kg3 f4+ 72. Kf3 Kf5
73. Kf2 Ke4 74. Ke2 f3+ 75. Kf2 Kf4 76. Kf1 Ke3 77. Ke1 f2+ 78. Kf1 Nc4 79. Kg2
Ke2 80. Kh3 f1=Q+ 81. Kh2 Qf4+ 82. Kg2 Qg4+ 83. Kh1 Kf2 0-1

[Event "Sparkassen-Open B"]
[Site "Heusenstamm, Martinsee"]
[Date "2018.11.24"]
[Round "5.45"]
[White "Martin, Peter"]
[Black "Gräf, Kilian Gabriel"]
[Result "1/2-1/2"]
[WhiteElo "1319"]
[BlackElo "1535"]
[PlyCount "99"]
[EventDate "2018.??.??"]
[WhiteTeam "SC Wittlich"]
[BlackTeam "SV Frankfurt Nord"]

1. e4 d6 2. Nf3 Nf6 3. Nc3 g6 4. d4 Bg7 5. Bg5 O-O 6. e5 dxe5 7. dxe5 Qxd1+ 8.
Rxd1 Nfd7 9. Nd5 Nc6 10. Nxc7 Rb8 11. Be2 Ndxe5 12. Nxe5 Bxe5 13. Nb5 Bf5 14.
c3 a6 15. Nd4 Bxd4 16. cxd4 f6 17. Be3 Rbd8 18. O-O Rd6 19. Bc4+ Kg7 20. Rfe1
Rfd8 21. d5 Nb4 22. Bc5 Rxd5 23. Bxd5 Nxd5 24. Rxe7+ Nxe7 25. Rxd8 Nc6 26. Rd2
Kf7 27. f3 Ke6 28. g4 Bb1 29. b3 Ne5 30. Kf2 Nd3+ 31. Rxd3 Bxd3 32. a3 f5 33.
g5 Kd5 34. Ke3 Bb1 35. b4 a5 36. f4 axb4 37. axb4 Be4 38. Kd2 b5 39. Kc3 Bg2
40. Kd3 Bf1+ 41. Ke3 Bc4 42. h4 Bf1 43. Kf2 Bd3 44. Ke3 Bc4 45. Kf3 Bb3 46. Ke3
Bd1 47. Kd3 Bg4 48. Ke3 Bh3 49. Kf3 Bg4+ 50. Ke3 1/2-1/2

[Event "Sparkassen-Open B"]
[Site "Heusenstamm, Martinsee"]
[Date "2018.11.24"]
[Round "5.46"]
[White "Richter, Johannes"]
[Black "Laznik, Zeljko"]
[Result "1-0"]
[WhiteElo "1203"]
[BlackElo "1523"]
[PlyCount "58"]
[EventDate "2018.??.??"]
[WhiteTeam "Berkershm"]
[BlackTeam "SF Heusenstamm"]

1. d4 d5 2. c4 dxc4 3. Nf3 Bf5 4. e3 e6 5. Bxc4 a6 6. Nc3 Bd6 7. O-O Bg4 8. Ne4
Nf6 9. Nxd6+ Qxd6 10. h3 Bh5 11. Be2 Bg6 12. Ne5 Be4 13. Bf3 c6 14. Bxe4 Nxe4
15. Qf3 Ng5 16. Qg4 f6 17. Nc4 Qe7 18. Nb6 Ra7 19. Nc8 f5 20. Qf4 Qd8 21. Nxa7
O-O 22. b3 Nf7 23. Ba3 Re8 24. Rac1 Nd7 25. Nxc6 bxc6 26. Rxc6 Qa5 27. Qc7 Qxa3
28. Qxd7 Qe7 29. Qxe7 Rxe7 1-0

[Event "Sparkassen-Open B"]
[Site "Heusenstamm, Martinsee"]
[Date "2018.11.24"]
[Round "5.47"]
[White "Bosse, Christian"]
[Black "Nimrichter, Christian"]
[Result "0-1"]
[WhiteElo "1520"]
[BlackElo "1378"]
[PlyCount "68"]
[EventDate "2018.??.??"]
[WhiteTeam "SF Nordost Berlin"]
[BlackTeam "VSG Offenbach"]

1. c4 e5 2. g3 Bc5 3. Bg2 Nc6 4. e3 Nge7 5. Nc3 d6 6. Nge2 Be6 7. d4 exd4 8.
exd4 Bxc4 9. dxc5 d5 10. b3 Bxe2 11. Nxe2 O-O 12. Be3 Nf5 13. O-O Nxe3 14. fxe3
Qe7 15. Qc1 Rad8 16. Qc3 Ne5 17. Rf4 c6 18. Ra4 a6 19. Rf1 h5 20. Rf5 Ng4 21.
Rxg4 hxg4 22. Rf4 f5 23. Nd4 g6 24. Nc2 Rde8 25. h3 g5 26. Rf2 gxh3 27. Bxh3 g4
28. Bf1 Kh7 29. Qd4 Kg6 30. Bd3 Qe5 31. Qb4 Qxg3+ 32. Rg2 Qf3 33. Rxg4+ Kf6 34.
Rf4 Rg8+ 0-1

[Event "Sparkassen-Open B"]
[Site "Heusenstamm, Martinsee"]
[Date "2018.11.24"]
[Round "5.48"]
[White "Moldenhauer, Lennart"]
[Black "Welker, Alexandra"]
[Result "1-0"]
[WhiteElo "1488"]
[BlackElo "1308"]
[PlyCount "47"]
[EventDate "2018.??.??"]
[WhiteTeam "SV Oberursel"]
[BlackTeam "TuS Makkabi"]

1. e4 e5 2. Nf3 Nc6 3. d4 exd4 4. Nxd4 Bc5 5. Be3 Qf6 6. c3 Nge7 7. Bc4 Qg6 8.
O-O d6 9. Qf3 O-O 10. Nd2 Ne5 11. Qf4 Bxd4 12. cxd4 N5c6 13. Rac1 Nb4 14. a3
Na6 15. Bxa6 bxa6 16. Rxc7 d5 17. Rxe7 dxe4 18. Qxe4 Bf5 19. Qf3 Qf6 20. Re5
Bd3 21. Rc1 Qg6 22. d5 Qd6 23. Bf4 Qf6 24. Rc6 1-0

[Event "Sparkassen-Open B"]
[Site "Heusenstamm, Martinsee"]
[Date "2018.11.24"]
[Round "5.49"]
[White "Hölß, Silas"]
[Black "Bergmann, Lennart"]
[Result "0-1"]
[WhiteElo "1483"]
[BlackElo "1193"]
[PlyCount "82"]
[EventDate "2018.??.??"]
[WhiteTeam "SSG Hungen-Lich"]
[BlackTeam "VSG Offenbach"]

1. e4 d5 2. exd5 Qxd5 3. Nc3 Qd6 4. d4 c6 5. Nf3 Bg4 6. Be2 e6 7. O-O Nf6 8. g3
Qc7 9. Ne5 Bh3 10. Re1 Bd6 11. Bf4 O-O 12. Nd3 Nbd7 13. Bf3 Nd5 14. Ne4 Bxf4
15. Nxf4 Nxf4 16. gxf4 Qxf4 17. Bg2 Bxg2 18. Kxg2 Nf6 19. Qd3 Rad8 20. c3 Rd5
21. Nxf6+ Qxf6 22. Re3 Rfd8 23. Rh3 Rg5+ 24. Rg3 Qg6 25. Qxg6 Rxg6 26. Rxg6
hxg6 27. Kf3 Rd5 28. Rg1 Kf8 29. Ke4 Ke7 30. h4 Rh5 31. Rh1 g5 32. f4 Rxh4 33.
Rxh4 gxh4 34. Kf3 f6 35. Kg4 g5 36. Kh3 Kf7 37. Kg4 f5+ 38. Kh3 Kg6 39. c4 b5
40. cxb5 cxb5 41. b4 Kh5 0-1

[Event "Sparkassen-Open B"]
[Site "Heusenstamm, Martinsee"]
[Date "2018.11.24"]
[Round "5.50"]
[White "Kuran, Rainer"]
[Black "Griesfeller, Sven"]
[Result "1/2-1/2"]
[WhiteElo "1469"]
[BlackElo "1332"]
[PlyCount "45"]
[EventDate "2018.??.??"]
[WhiteTeam "Karlsruher SF"]
[BlackTeam "SG Wächtersbach"]

1. e4 e5 2. Nf3 Nc6 3. Bb5 a6 4. Ba4 Nf6 5. O-O b5 6. Bb3 Bc5 7. Re1 O-O 8. c3
d6 9. d4 exd4 10. cxd4 Bb6 11. Nc3 Bg4 12. Be3 Re8 13. h3 Bxf3 14. gxf3 Qd7 15.
Kh2 Na5 16. Rg1 Kf8 17. Qd2 Nxb3 18. axb3 Re6 19. Rg2 Ng8 20. Nd5 Rg6 21. Rxg6
hxg6 22. Nxb6 cxb6 23. d5 1/2-1/2

[Event "Sparkassen-Open B"]
[Site "Heusenstamm, Martinsee"]
[Date "2018.11.24"]
[Round "5.51"]
[White "Richter, Tim"]
[Black "Hahnenstein, Leon"]
[Result "1-0"]
[WhiteElo "1118"]
[BlackElo "1505"]
[PlyCount "61"]
[EventDate "2018.??.??"]
[WhiteTeam "SF Heidesheim"]
[BlackTeam "SC Herborn"]

1. d4 d5 2. Bf4 Bf5 3. e3 e6 4. Bd3 Bg6 5. Nf3 Nc6 6. c3 Bd6 7. Bg3 Nge7 8. Qe2
Qd7 9. Nbd2 O-O 10. Bxg6 Nxg6 11. Bxd6 Qxd6 12. Qd3 f5 13. O-O Rae8 14. c4 f4
15. g3 e5 16. e4 Nxd4 17. Nxd4 exd4 18. exd5 Ne5 19. Qxd4 f3 20. Rfe1 c5 21.
Qc3 Qf6 22. Re4 Qg5 23. Rae1 Qh6 24. Rxe5 Rxe5 25. Rxe5 Qa6 26. Re7 Qg6 27.
Nxf3 Qb1+ 28. Kg2 Qg6 29. Rxb7 Re8 30. Nh4 Qe4+ 31. Qf3 1-0

[Event "Sparkassen-Open B"]
[Site "Heusenstamm, Martinsee"]
[Date "2018.11.24"]
[Round "5.52"]
[White "Kremenetskiy, Igor"]
[Black "Tarini, Jagadeesh"]
[Result "1-0"]
[WhiteElo "1520"]
[BlackElo "1016"]
[PlyCount "57"]
[EventDate "2018.??.??"]
[WhiteTeam "SF Heusenstamm"]
[BlackTeam "Singapore"]
[BlackTeamCountry "SIN"]

1. e4 e5 2. Nf3 Nc6 3. Nc3 Bb4 4. a3 Bxc3 5. bxc3 Nf6 6. d3 O-O 7. Be2 d5 8.
exd5 Nxd5 9. Bb2 Bg4 10. h3 Bxf3 11. Bxf3 Nce7 12. O-O c5 13. Rb1 b5 14. c4
bxc4 15. dxc4 e4 16. Bxe4 f5 17. Bxd5+ Nxd5 18. cxd5 Qe8 19. Re1 Qf7 20. d6
Rad8 21. Re7 Qg6 22. Rxg7+ Qxg7 23. Bxg7 Kxg7 24. Rb7+ Kh8 25. Qd5 Rfe8 26.
Qxf5 Re1+ 27. Kh2 Kg8 28. Qf7+ Kh8 29. Qxh7# 1-0

[Event "Sparkassen-Open B"]
[Site "Heusenstamm, Martinsee"]
[Date "2018.11.24"]
[Round "5.54"]
[White "Papadopoulos, Leon"]
[Black "Brunner, Andreas"]
[Result "1/2-1/2"]
[WhiteElo "1329"]
[BlackElo "1437"]
[PlyCount "42"]
[EventDate "2018.??.??"]
[WhiteTeam "SV Oberursel"]
[BlackTeam "Berkershm"]

1. e4 e6 2. d4 d5 3. Nd2 c5 4. exd5 Qxd5 5. Ngf3 Nf6 6. Bc4 Qd8 7. O-O Nc6 8.
Nb3 cxd4 9. Nbxd4 Be7 10. Bb5 Bd7 11. Bxc6 bxc6 12. Ne5 Qc7 13. Re1 O-O 14. Bf4
Qb6 15. Ndf3 Rfd8 16. Bg5 Be8 17. Qe2 h6 18. Be3 Qa5 19. Red1 Nd5 20. Bd4 Qc7
21. Ng4 Rac8 1/2-1/2

[Event "Sparkassen-Open B"]
[Site "Heusenstamm, Martinsee"]
[Date "2018.11.24"]
[Round "5.55"]
[White "Schwab, Tizian"]
[Black "Jansen, Nora"]
[Result "1-0"]
[WhiteElo "1318"]
[BlackElo "1433"]
[PlyCount "113"]
[EventDate "2018.??.??"]
[WhiteTeam "TV-Großostheim"]
[BlackTeam "SVG Plettenberg"]

1. e4 e6 2. d4 d5 3. e5 c5 4. c3 Nc6 5. Nf3 Bd7 6. Be2 cxd4 7. cxd4 Bb4+ 8. Bd2
Nge7 9. O-O O-O 10. Be3 Rc8 11. a3 Ba5 12. b4 Bb6 13. Qd2 Nf5 14. Nc3 Nce7 15.
Rac1 Nxe3 16. fxe3 a6 17. Bd3 Nf5 18. Qf2 Rc7 19. Ne2 g5 20. Ng3 f6 21. Nxf5
exf5 22. exf6 Qxf6 23. Qg3 Rxc1 24. Rxc1 f4 25. exf4 Bxd4+ 26. Nxd4 Qxd4+ 27.
Kh1 Qxf4 28. Qxf4 Rxf4 29. Rd1 Bc6 30. Kg1 Kg7 31. Re1 Kf6 32. Bxh7 Rd4 33. Kf2
Rd2+ 34. Re2 Rxe2+ 35. Kxe2 Ke5 36. Kd3 d4 37. g3 Bb5+ 38. Kd2 Bc6 39. Kd3 Bb5+
40. Kd2 Kd5 41. h4 gxh4 42. gxh4 Ke5 43. h5 Kf6 44. Bd3 Kg5 45. Bxb5 axb5 46.
Kd3 Kxh5 47. Kxd4 b6 48. Kd5 Kg5 49. Kc6 Kf6 50. Kxb6 Ke7 51. Kxb5 Kd7 52. Kb6
Kc8 53. Kc6 Kb8 54. Kb6 Ka8 55. Kc7 Ka7 56. b5 Ka8 57. a4 1-0